APEC Schools

Close Encounters - Communication in Relationships / (Record no. 9030)

000 -LEADER
fixed length control field nam a22 7a 4500
005 - DATE AND TIME OF LATEST TRANSACTION
control field 20220104030843.0
008 - FIXED-LENGTH DATA ELEMENTS--GENERAL INFORMATION
fixed length control field 220104b xxu||||| |||| 00| 0 eng d
020 ## - IDENTIFIER FOR THE MANIFESTATION
Identifier for the Manifestation 9781412977371
Binding paperback
040 ## - CATALOGING SOURCE
Language of Cataloging eng
Transcribing Agency APEC Schools Library
Description Conventions rda
082 ## - DEWEY DECIMAL CLASSIFICATION NUMBER
Classification number 153.6
Author's Number G9347c 2014
100 ## - CREATOR
Preferred Name of the Person Guerrero, Laura
245 ## - TITLE AND STATEMENT OF RESPONSIBILITY
Preferred Title Proper Close Encounters - Communication in Relationships /
Statement of Responsibility/Parallel Statement of Responsibility Laura Guerrero
250 ## - EDITION STATEMENT
Designation of Edition/Designation of a Named Revision of an Edition 3rd ed.
264 ## - PUBLICATION STATEMENT
Place of publication, distribution, etc California ;
Publisher's Name/Parallel Publisher's Name Sage Publications,
Copyright ©2014.
300 ## - PHYSICAL DESCRIPTION
Extent xviii, 482 pages :
Illustrative Content illustrations ;
336 ## - RDA CONTENT
Source rdacontent
Content Type text
337 ## - RDA MEDIA
Source rdamedia
Media Type unmediated
338 ## - RDA CARRIER
Source rdacarrier
Carrier Type volume
504 ## - BIBLIOGRAPHY, ETC. NOTE
Bibliography, etc Includes bibliographical references and index.
650 ## - ADDED SUBJECT ACCESS POINT - TOPICAL TERM
Topical Term Interpersonal communication.
942 ## - ADDED ENTRY ELEMENTS (KOHA)
Source of Classification
Koha Item Type Non Fiction
Holdings
Library Site Location Shelving Location Source of Acquisition Full Classification Number Accession Number Koha Item Type
APEC Bacoor Library APEC Bacoor Library Circulation Institutional Fund 153.6 G9347c 2014 B04-0000607 Non Fiction
APEC C. Raymundo Library APEC C. Raymundo Library Circulation Institutional Fund 153.6 G9347c 2014 A07-0000530 Non Fiction
APEC Calumpang Library APEC Calumpang Library Circulation Institutional Fund 153.6 G9347c 2014 B10-0000535 Non Fiction
APEC Dasmarinas Library APEC Dasmarinas Library Circulation Institutional Fund 153.6 G9347c 2014 B03-0000570 Non Fiction
APEC Grace Park West Library APEC Grace Park West Library Circulation Institutional Fund 153.6 G9347c 2014 A09-0000414 Non Fiction
APEC JRU Lipa Library APEC JRU Lipa Library Circulation Institutional Fund 153.6 G9347c 2014 B12-0000590 Non Fiction
APEC Las Piñas Library APEC Las Piñas Library Circulation Institutional Fund 153.6 G9347c 2014 C01-0000427 Non Fiction
APEC Marikina Heights Library APEC Marikina Heights Library Circulation Institutional Fund 153.6 G9347c 2014 A08-0000438 Non Fiction
Chain Library Chain Library Circulation Institutional Fund 153.6 G9347c 2014 AC-0000137 Non Fiction

Powered by Koha